000 00704nam a2200229 i 4500
001 6900
003 ES-MaACL
005 20230906145122.0
007 t|
008 900711s1986 sp ||||1| spa d
020 _a84-345-8401-8
080 _a591.5
100 1 _aSchmid, Heribert.
_9104452
245 1 0 _aComo se comunican los animales /
_cHeribert Schmid.
260 _aBarcelona :
_bSalvat,
_cD.L. 1986.
300 _aVI, 199 p., [55] p. de lam. :
_bil. ;
_c19 cm.
490 1 _aBiblioteca científica Salvat ;
_v33
650 1 4 _aAnimales-
_xLenguaje.
_99838
830 0 _aBiblioteca científica Salvat ;
_v33
_9177703
852 _aES-MaACL
_jL-14120
_bR.117710
_z. - rust.
999 _c6900
_d6900